[Event "Aeroflot Open 2012 A"]
[Site "Moscow"]
[Date "2012.02.10"]
[Round "4"]
[White "Negi, Parimarjan"]
[Black "Le, Quang Liem"]
[Result "1/2-1/2"]
[WhiteElo "2641"]
[BlackElo "2714"]
[PlyCount "53"]
[EventDate "2012.02.07"]
[EventRounds "9"]
[EventCountry "RUS"]

1. e4 e6 2. d4 d5 3. Nc3 Nf6 4. e5 Nfd7 5. f4 c5 6. Nf3 Nc6 7. Be3 Be7 8. Qd2
O-O 9. dxc5 Bxc5 10. O-O-O Qb6 11. Bg1 Bxg1 12. Rxg1 Nc5 13. Kb1 Rd8 14. Qe1
Bd7 15. g4 Rac8 16. Bd3 d4 17. Ne4 Na4 18. b3 Nb4 19. Qh4 Nxd3 20. Nfg5 h6 21.
Nf6+ gxf6 22. Qxh6 fxg5 23. Qxg5+ Kf8 24. Qh6+ Ke8 25. Qh8+ Ke7 26. Qf6+ Ke8
27. Qh8+ 1/2-1/2

[Event "Aeroflot Open 2012 A"]
[Site "Moscow"]
[Date "2012.02.10"]
[Round "4"]
[White "Vallejo Pons, Francisco"]
[Black "Sokolov, Ivan"]
[Result "0-1"]
[WhiteElo "2705"]
[BlackElo "2641"]
[PlyCount "81"]
[EventDate "2012.02.07"]
[EventRounds "9"]
[EventCountry "RUS"]

1. e4 e5 2. Nf3 Nc6 3. d4 exd4 4. Nxd4 Bc5 5. Be3 Qf6 6. c3 Nge7 7. Bc4 O-O 8.
O-O b6 9. Nxc6 Qxc6 10. Bxc5 Qxc5 11. Na3 a6 12. Re1 b5 13. Bb3 d6 14. Nc2 Bb7
15. a4 bxa4 16. Rxa4 a5 17. Nd4 Qb6 18. e5 d5 19. Bc2 c5 20. Nf3 Ng6 21. h4 d4
22. cxd4 Rad8 23. Ng5 cxd4 24. e6 d3 25. exf7+ Kh8 26. Bb3 d2 27. Rf1 Qc6 28.
Re4 h6 29. Qg4 Qb6 30. Re3 Rd4 31. Qe6 Rd6 32. Qf5 Qc6 33. Rg3 Rf6 34. Qd3 Ba6
35. Qxd2 Bxf1 36. Kxf1 Nxh4 37. Kg1 hxg5 38. Qxg5 Nf5 39. Rc3 Qd6 40. Rh3+ Nh6
41. Rg3 0-1

[Event "Aeroflot Open 2012 A"]
[Site "Moscow"]
[Date "2012.02.10"]
[Round "4"]
[White "Safarli, Eltaj"]
[Black "Jobava, Baadur"]
[Result "1-0"]
[WhiteElo "2638"]
[BlackElo "2704"]
[PlyCount "63"]
[EventDate "2012.02.07"]
[EventRounds "9"]
[EventCountry "RUS"]

1. e4 c6 2. d4 d5 3. Nc3 dxe4 4. Nxe4 Bf5 5. Ng3 Bg6 6. h4 h6 7. Nf3 e6 8. Ne5
Bh7 9. Bd3 Bxd3 10. Qxd3 Nf6 11. Bf4 Qa5+ 12. c3 Nbd7 13. O-O Nxe5 14. dxe5 Nd5
15. Bd2 O-O-O 16. Qf3 f5 17. exf6 Nxf6 18. Rfd1 Bd6 19. Bf4 Bxf4 20. Qxf4 Rxd1+
21. Rxd1 Qxa2 22. Qd6 a5 23. Qe7 Rg8 24. Qf7 Qb3 25. Rd2 Qa4 26. Rd4 Qa1+ 27.
Kh2 Qxb2 28. Ne4 Rd8 29. Qxe6+ Kc7 30. Qe5+ Kb6 31. Qc5+ Kc7 32. Qxa5+ 1-0

[Event "Aeroflot Open 2012 A"]
[Site "Moscow"]
[Date "2012.02.10"]
[Round "4"]
[White "Sasikiran, Krishnan"]
[Black "Socko, Bartosz"]
[Result "1/2-1/2"]
[WhiteElo "2700"]
[BlackElo "2636"]
[PlyCount "90"]
[EventDate "2012.02.07"]
[EventRounds "9"]
[EventCountry "RUS"]

1. d4 d5 2. Nf3 a6 3. Bg5 Bg4 4. Qd3 Nc6 5. Nbd2 Qd7 6. c4 e6 7. cxd5 exd5 8.
Rc1 f6 9. Bf4 Bd6 10. Bxd6 Qxd6 11. g3 Nge7 12. Bg2 Qe6 13. O-O Bh3 14. Nb3
Bxg2 15. Kxg2 Qf5 16. Rfd1 Qxd3 17. Rxd3 O-O-O 18. Nc5 Rd6 19. Rdc3 a5 20. Nd3
b6 21. e3 Kb7 22. g4 Rc8 23. h4 Nd8 24. Ng1 Ne6 25. Ne2 c6 26. Ng3 g6 27. h5
Rd7 28. Ne2 Rdc7 29. Nef4 Nf8 30. hxg6 hxg6 31. R3c2 g5 32. Nh5 Nd7 33. b3 c5
34. dxc5 bxc5 35. Nb2 Rc6 36. Na4 c4 37. Rb2 Ka6 38. Rd1 Ne5 39. Rd4 Nd3 40.
Rd2 Ne1+ 41. Kg3 cxb3 42. axb3 Nc2 43. R4d3 Nb4 44. Rd4 Nc2 45. R4d3 Nb4
1/2-1/2

[Event "Aeroflot Open 2012 A"]
[Site "Moscow"]
[Date "2012.02.10"]
[Round "4"]
[White "Khalifman, Alexander"]
[Black "Eljanov, Pavel"]
[Result "1/2-1/2"]
[WhiteElo "2632"]
[BlackElo "2690"]
[PlyCount "59"]
[EventDate "2012.02.07"]
[EventRounds "9"]
[EventCountry "RUS"]

1. d4 Nf6 2. c4 e6 3. Nf3 Bb4+ 4. Bd2 a5 5. Nc3 b6 6. Bg5 Bb7 7. e3 h6 8. Bh4
g5 9. Bg3 Ne4 10. Qc2 d6 11. Bd3 Bxc3+ 12. bxc3 Nxg3 13. fxg3 Nd7 14. O-O Qe7
15. Be4 Bxe4 16. Qxe4 O-O 17. Qd3 f6 18. e4 Qh7 19. Rae1 Qg6 20. Rf2 a4 21. Nd2
Ra5 22. g4 h5 23. h3 hxg4 24. hxg4 Kf7 25. Nf1 Ke7 26. Ng3 Kd8 27. Ref1 Kc8 28.
Nh5 a3 29. Rf3 Ra4 30. Rb1 1/2-1/2

[Event "Aeroflot Open 2012 A"]
[Site "Moscow"]
[Date "2012.02.10"]
[Round "4"]
[White "Sandipan, Chanda"]
[Black "Andreikin, Dmitry"]
[Result "1/2-1/2"]
[WhiteElo "2628"]
[BlackElo "2688"]
[PlyCount "74"]
[EventDate "2012.02.07"]
[EventRounds "9"]
[EventCountry "RUS"]

1. d4 Nf6 2. c4 c5 3. d5 b5 4. cxb5 a6 5. bxa6 g6 6. Nc3 Bxa6 7. Nf3 Bg7 8. g3
O-O 9. Bg2 d6 10. O-O Nbd7 11. Rb1 Ne8 12. Qc2 Nc7 13. Rd1 Nb6 14. e4 Bc8 15.
b3 f5 16. e5 dxe5 17. Ng5 e4 18. Be3 Bd4 19. Qd2 Bxe3 20. fxe3 Qd6 21. Rbc1 Rd8
22. Qf2 Qf6 23. Ngxe4 fxe4 24. Qxf6 exf6 25. Nxe4 Rxa2 26. Nxf6+ Kg7 27. Rxc5
Kxf6 28. Rxc7 Bd7 29. Rb7 Nc8 30. Rb8 Re8 31. Rf1+ Ke7 32. e4 Kd6 33. Rb7 Re7
34. Rc1 Ra7 35. Rxd7+ Kxd7 36. Bh3+ Kd6 37. Rc6+ Ke5 1/2-1/2

[Event "Aeroflot Open 2012 A"]
[Site "Moscow"]
[Date "2012.02.10"]
[Round "4"]
[White "Zvjaginsev, Vadim"]
[Black "Sjugirov, Sanan"]
[Result "1/2-1/2"]
[WhiteElo "2688"]
[BlackElo "2622"]
[PlyCount "49"]
[EventDate "2012.02.07"]
[EventRounds "9"]
[EventCountry "RUS"]

1. c4 e6 2. Nc3 d5 3. d4 c6 4. e4 dxe4 5. Nxe4 Bb4+ 6. Nc3 c5 7. Nf3 Nf6 8. Be2
Nc6 9. Be3 Ne4 10. Rc1 cxd4 11. Nxd4 Nxc3 12. bxc3 Be7 13. Nxc6 bxc6 14. Qxd8+
Kxd8 15. Rd1+ Bd7 16. O-O Kc8 17. c5 f6 18. f4 Kc7 19. Bd4 Rab8 20. Rd2 a5 21.
Re1 Rhe8 22. Bc4 a4 23. Bxe6 Bxe6 24. Rxe6 Bf8 25. Rxe8 1/2-1/2

[Event "Aeroflot Open 2012 A"]
[Site "Moscow"]
[Date "2012.02.10"]
[Round "4"]
[White "Melkumyan, Hrant"]
[Black "Akopian, Vladimir"]
[Result "1-0"]
[WhiteElo "2620"]
[BlackElo "2685"]
[PlyCount "145"]
[EventDate "2012.02.07"]
[EventRounds "9"]
[EventCountry "RUS"]

1. d4 Nf6 2. c4 e6 3. Nc3 Bb4 4. e3 O-O 5. Bd3 d5 6. Nf3 c5 7. O-O dxc4 8. Bxc4
cxd4 9. exd4 b6 10. Qe2 Bb7 11. Rd1 Bxc3 12. bxc3 Nbd7 13. Bd3 Qc7 14. c4 Rfe8
15. Bb2 Qf4 16. Qe3 Nh5 17. Ng5 Ndf6 18. Nh3 Qxe3 19. fxe3 Ne4 20. a4 f5 21. a5
Nhf6 22. Ra3 Ng4 23. Be2 bxa5 24. Nf4 Rab8 25. Ba1 a4 26. h3 e5 27. Nd5 Nh6 28.
dxe5 Bc6 29. Nc7 Re7 30. Nb5 a6 31. Nd4 Be8 32. e6 Reb7 33. Bd3 Nc5 34. Bc2 Rb4
35. Rc3 Kf8 36. Rf1 Ke7 37. Bxf5 Nxf5 38. Nxf5+ Kxe6 39. Nxg7+ Kd7 40. Rcc1 Bg6
41. Rcd1+ Kc6 42. Be5 Rc8 43. Nf5 Bxf5 44. Rd6+ Kb7 45. Rxf5 a3 46. Rh6 Ka8 47.
Rxh7 Rb7 48. Rxb7 Kxb7 49. Rf1 a2 50. Ra1 Nd3 51. Bd6 Rc6 52. Ba3 Rxc4 53. Rxa2
Ra4 54. Kf1 a5 55. Ra1 Nb4 56. Ke2 Nc2 57. Rb1+ Ka6 58. Bc5 Rc4 59. Rb6+ Ka7
60. Rc6+ Kb7 61. Kd3 Kxc6 62. Kxc4 Ne1 63. g4 Nf3 64. Bd4 Kd6 65. Kb5 Kd5 66.
Kxa5 Ke4 67. Kb6 Nh4 68. Kc5 Kf3 69. Kd5 Kg3 70. Bf6 Ng2 71. g5 Nxe3+ 72. Ke6
Ng2 73. Be5+ 1-0

[Event "Aeroflot Open 2012 A"]
[Site "Moscow"]
[Date "2012.02.10"]
[Round "4"]
[White "Kobalia, Mikhail"]
[Black "Gajewski, Grzegorz"]
[Result "1/2-1/2"]
[WhiteElo "2673"]
[BlackElo "2616"]
[PlyCount "48"]
[EventDate "2012.02.07"]
[EventRounds "9"]
[EventCountry "RUS"]

1. e4 c5 2. Nf3 e6 3. d4 cxd4 4. Nxd4 a6 5. c4 Nf6 6. Nc3 Bb4 7. Qd3 Nc6 8.
Nxc6 dxc6 9. e5 Nd7 10. Qg3 Qa5 11. Bf4 Bxc3+ 12. bxc3 Nf8 13. Qe3 Ng6 14. Bg3
b6 15. Be2 c5 16. Bf3 Ra7 17. O-O Bb7 18. Bxb7 Rxb7 19. Qf3 Rd7 20. Qc6 Ne7 21.
Qa8+ Rd8 22. Qb7 Rd7 23. Qa8+ Rd8 24. Qb7 Rd7 1/2-1/2

[Event "Aeroflot Open 2012 A"]
[Site "Moscow"]
[Date "2012.02.10"]
[Round "4"]
[White "Bu, Xiangzhi"]
[Black "Aleksandrov, Aleksej"]
[Result "1-0"]
[WhiteElo "2670"]
[BlackElo "2612"]
[PlyCount "191"]
[EventDate "2012.02.07"]
[EventRounds "9"]
[EventCountry "RUS"]

1. c4 e6 2. g3 d5 3. Bg2 dxc4 4. Qa4+ Nd7 5. Qxc4 c5 6. Nf3 Rb8 7. Qc2 b5 8. a4
a6 9. axb5 axb5 10. O-O Bb7 11. d3 Ngf6 12. Bf4 Rc8 13. Qb3 Qb6 14. Na3 Bc6 15.
Ne5 Nxe5 16. Bxe5 Nd7 17. Bxc6 Qxc6 18. Bf4 e5 19. Be3 Rb8 20. Nb1 Bd6 21. Nd2
O-O 22. Ra7 h6 23. Ne4 Bc7 24. Rfa1 Bb6 25. R1a6 Kh8 26. Qc3 Qd5 27. Rxd7 Qxd7
28. Qxe5 Rfe8 29. Nf6 Qe7 30. Qxe7 Rxe7 31. Bf4 Bc7 32. Nd5 Bxf4 33. Nxe7 Bc1
34. Nc6 Re8 35. Kf1 c4 36. dxc4 bxc4 37. Ra4 Bxb2 38. Rxc4 g6 39. e3 h5 40. Rb4
Rc8 41. Rb6 Kg7 42. h3 Bc3 43. Kg2 Ra8 44. Rb3 Bf6 45. Rb5 Ra2 46. Rc5 Rd2 47.
Rc4 Kf8 48. Na5 Rb2 49. Ra4 Rc2 50. Nc4 Kg7 51. Nb6 Rd2 52. Ra7 Rc2 53. Nd7 Rc6
54. Kf3 Rc2 55. Ra6 Be7 56. Ne5 Bf6 57. Nd3 Rd2 58. Rd6 Kf8 59. Ke4 Kg7 60. Rd7
Ra2 61. Kf4 Kf8 62. Rd5 Ra1 63. Kf3 Ra4 64. Nf4 Ra2 65. Rc5 Kg7 66. Nd5 Rd2 67.
Rb5 Ba1 68. g4 hxg4+ 69. hxg4 Bf6 70. Kg3 Bd8 71. f4 f5 72. Rb7+ Kf8 73. Rd7
Ba5 74. Kh4 fxg4 75. Kxg4 Ke8 76. Nf6+ Kf8 77. Ra7 Bd8 78. Nd7+ Kg8 79. Ne5 Rd6
80. e4 Kf8 81. Nf7 Bb6 82. Rb7 Re6 83. e5 Rc6 84. Ng5 Bd8 85. Rf7+ Ke8 86. Rg7
Kf8 87. Rf7+ Ke8 88. Rh7 Ba5 89. Ne4 Kf8 90. Nf6 Rc7 91. Nd7+ Ke8 92. e6 Kd8
93. Kg5 Rc6 94. Kf6 Bc3+ 95. Kf7 Kc7 96. e7 1-0

[Event "Aeroflot Open 2012 A"]
[Site "Moscow"]
[Date "2012.02.10"]
[Round "4"]
[White "Robson, Ray"]
[Black "Bartel, Mateusz"]
[Result "1/2-1/2"]
[WhiteElo "2596"]
[BlackElo "2658"]
[PlyCount "105"]
[EventDate "2012.02.07"]
[EventRounds "9"]
[EventCountry "RUS"]

1. e4 e5 2. Nf3 Nc6 3. Bb5 a6 4. Ba4 Nf6 5. O-O Be7 6. Re1 b5 7. Bb3 d6 8. c3
O-O 9. h3 Na5 10. Bc2 c5 11. d4 Nd7 12. a4 Bb7 13. Nbd2 exd4 14. cxd4 Nc6 15.
d5 Nb4 16. Bb1 Bf6 17. Nf1 c4 18. axb5 axb5 19. Rxa8 Qxa8 20. Bf4 Ne5 21. Nxe5
dxe5 22. Bd2 Be7 23. Ne3 Bc5 24. b3 Qa3 25. bxc4 Nd3 26. Bxd3 Qxd3 27. cxb5
Qxe4 28. Qc2 Qxc2 29. Nxc2 f6 30. Bb4 Rc8 31. Bxc5 Rxc5 32. Ne3 Bxd5 33. Rd1
Be6 34. Rb1 Rc7 35. g4 Kf7 36. Kg2 g6 37. b6 Rb7 38. Kg3 Ke7 39. f4 Kd6 40.
fxe5+ Kxe5 41. h4 Kd4 42. Kf4 h6 43. h5 gxh5 44. gxh5 Kc5 45. Nf5 Rxb6 46. Rxb6
Kxb6 47. Nxh6 Kc7 48. Ng4 Bf7 49. h6 Bg6 50. Nxf6 Kd6 51. Kg5 Bb1 52. h7 Bxh7
53. Nxh7 1/2-1/2

[Event "Aeroflot Open 2012 A"]
[Site "Moscow"]
[Date "2012.02.10"]
[Round "4"]
[White "Ragger, Markus"]
[Black "Esen, Baris"]
[Result "1/2-1/2"]
[WhiteElo "2655"]
[BlackElo "2534"]
[PlyCount "91"]
[EventDate "2012.02.07"]
[EventRounds "9"]
[EventCountry "RUS"]

1. d4 d5 2. c4 c6 3. Nf3 Nf6 4. Nc3 e6 5. Bg5 Nbd7 6. e3 Qa5 7. cxd5 Nxd5 8.
Qd2 Bb4 9. Rc1 O-O 10. a3 Bxc3 11. bxc3 Qxa3 12. e4 Ne7 13. Bd3 e5 14. O-O f6
15. Be3 Ng6 16. h4 Nh8 17. h5 Nf7 18. Nh4 Nb6 19. f4 Qe7 20. Qf2 Nh6 21. Qg3
exd4 22. cxd4 f5 23. Rc5 Ng4 24. Bc1 fxe4 25. Be2 Qf6 26. Kh1 Nh6 27. f5 Nf7
28. Re5 Nd5 29. h6 e3 30. Bxe3 Nxe3 31. hxg7 Nxf1 32. gxf8=Q+ Kxf8 33. Bxf1 Bd7
34. Bc4 Re8 35. Bxf7 Kxf7 36. Qf4 Kg8 37. Rxe8+ Bxe8 38. Nf3 Kg7 39. Qc7+ Bf7
40. Qxb7 Qxf5 41. Qxa7 Kh6 42. Qe7 Bd5 43. Qe3+ Kg7 44. Qe7+ Kh6 45. Qe3+ Kg7
46. Qe7+ 1/2-1/2

[Event "Aeroflot Open 2012 A"]
[Site "Moscow"]
[Date "2012.02.10"]
[Round "4"]
[White "Iordachescu, Viorel"]
[Black "Sethuraman, S.P."]
[Result "1/2-1/2"]
[WhiteElo "2651"]
[BlackElo "2529"]
[PlyCount "106"]
[EventDate "2012.02.07"]
[EventRounds "9"]
[EventCountry "RUS"]

1. e4 e5 2. Nf3 Nc6 3. Bb5 a6 4. Ba4 Nf6 5. O-O Be7 6. Re1 b5 7. Bb3 d6 8. c3
O-O 9. h3 Bb7 10. d4 Re8 11. Nbd2 Bf8 12. d5 Nb8 13. Nf1 Nbd7 14. Ng3 Nc5 15.
Bc2 c6 16. dxc6 Bxc6 17. Bg5 h6 18. Bxf6 Qxf6 19. Nh2 Rad8 20. Ng4 Qe6 21. b4
Na4 22. Bb3 d5 23. Qc1 Qc8 24. Qe3 Nb2 25. Nh5 Re6 26. Qg3 Rg6 27. f4 exf4 28.
Nxf4 Rg5 29. exd5 Bb7 30. Re5 Qc7 31. Nxh6+ gxh6 32. Rxg5+ hxg5 33. Qxg5+ Kh8
34. Qh4+ Kg8 35. Nh5 Qb6+ 36. Kh1 Rd6 37. Rf1 Rh6 38. Bc2 Qe3 39. Qg4+ Kh8 40.
Qf5 Qe8 41. Be4 Nc4 42. Qxf7 Qxf7 43. Rxf7 Kg8 44. Bg6 Rxg6 45. Rxb7 Bd6 46. g4
Be5 47. Kg2 Rd6 48. g5 Rxd5 49. Ra7 Bxc3 50. Ra8+ Kh7 51. Ra7+ Kg8 52. Ra8+ Kh7
53. Ra7+ Kg8 1/2-1/2

[Event "Aeroflot Open 2012 A"]
[Site "Moscow"]
[Date "2012.02.10"]
[Round "4"]
[White "Nepomniachtchi, Ian"]
[Black "Zherebukh, Yaroslav"]
[Result "1/2-1/2"]
[WhiteElo "2735"]
[BlackElo "2594"]
[PlyCount "80"]
[EventDate "2012.02.07"]
[EventRounds "9"]
[EventCountry "RUS"]

1. e4 c5 2. Nf3 d6 3. d4 cxd4 4. Nxd4 Nf6 5. Nc3 a6 6. Be3 e5 7. Nf3 Be7 8. Bc4
O-O 9. O-O Be6 10. Qe2 Nc6 11. Rfd1 Qc7 12. Bb3 Na5 13. Nd5 Nxd5 14. Bxd5 Nc4
15. c3 Rac8 16. a4 Kh8 17. Rac1 Bxd5 18. Rxd5 f5 19. exf5 Qc6 20. Rcd1 Rxf5 21.
a5 Qa4 22. Bb6 Rcf8 23. b4 Nxb6 24. axb6 Rf4 25. h3 Qc6 26. Qe3 h6 27. R1d3
R8f7 28. Nd2 Rxf2 29. Ne4 Ra2 30. c4 Qxc4 31. Nxd6 Bxd6 32. Rxd6 Qh4 33. Qg3
Qxg3 34. Rxg3 Rb2 35. Rg4 Rf4 36. Rg3 Rd4 37. Re6 Rd7 38. Rg4 Rd4 39. Rg3 Rd7
40. Rg4 Rd4 1/2-1/2

[Event "Aeroflot Open 2012 A"]
[Site "Moscow"]
[Date "2012.02.10"]
[Round "4"]
[White "Zhigalko, Andrey"]
[Black "Iturrizaga, Eduardo"]
[Result "1/2-1/2"]
[WhiteElo "2576"]
[BlackElo "2649"]
[PlyCount "123"]
[EventDate "2012.02.07"]
[EventRounds "9"]
[EventCountry "RUS"]

1. e4 c5 2. Nf3 e6 3. c3 Nf6 4. e5 Nd5 5. Bc4 Nb6 6. Bb3 d5 7. exd6 Nc6 8. d4
cxd4 9. cxd4 Bxd6 10. Nc3 O-O 11. O-O Bd7 12. Re1 Rc8 13. Ne5 Be8 14. Qg4 Kh8
15. Bf4 Na5 16. Bc2 f5 17. Qg3 Bb4 18. Bb3 Nxb3 19. axb3 Nd5 20. Bd2 a6 21.
Rad1 Bh5 22. Rc1 Nf6 23. Qh4 Be7 24. Bg5 Qe8 25. Qg3 b5 26. Qd3 Bb4 27. Bd2 Qe7
28. Ra1 Qb7 29. Na2 Bd6 30. Bb4 Rfd8 31. Bxd6 Rxd6 32. Nb4 Rcd8 33. Nc2 Be8 34.
Rad1 Bc6 35. f3 a5 36. b4 a4 37. Qc3 Bd5 38. Ne3 Bb3 39. Rd2 f4 40. N3g4 Nxg4
41. fxg4 Kg8 42. g5 Rc8 43. Qh3 Qe7 44. g6 h6 45. Qf3 Rd5 46. Qxf4 Rf8 47. Qg4
Rf5 48. Qe2 Rf6 49. Rc1 Qxb4 50. Rc8+ Rf8 51. Rxf8+ Qxf8 52. h3 Qf4 53. Qd3 Rd8
54. Qc3 b4 55. Qxb4 Rc8 56. Nd3 Qg3 57. Qb7 Rf8 58. Rf2 Qe3 59. Qb4 Rxf2 60.
Nxf2 Qc1+ 61. Kh2 Qf4+ 62. Kg1 1/2-1/2

[Event "Aeroflot Open 2012 A"]
[Site "Moscow"]
[Date "2012.02.10"]
[Round "4"]
[White "Ni, Hua"]
[Black "Rakhmanov, Aleksandr"]
[Result "1/2-1/2"]
[WhiteElo "2641"]
[BlackElo "2593"]
[PlyCount "128"]
[EventDate "2012.02.07"]
[EventRounds "9"]
[EventCountry "RUS"]

1. e4 e6 2. d4 d5 3. Nc3 Nf6 4. e5 Nfd7 5. Nce2 c5 6. c3 Nc6 7. Nf3 Qa5 8. a3
cxd4 9. b4 Qb6 10. cxd4 a5 11. b5 Qxb5 12. Nc3 Qb6 13. Rb1 Qd8 14. Bd3 Be7 15.
Nb5 h6 16. Qc2 Nb6 17. O-O Nc4 18. Bxc4 dxc4 19. Bf4 O-O 20. Qxc4 Na7 21. Nd6
b5 22. Qc5 Bd7 23. d5 exd5 24. Qxd5 Be6 25. Qe4 Qd7 26. Rfd1 Bxd6 27. Rxd6 Bf5
28. Qd5 Qe7 29. Rd1 Be6 30. Qd2 Nc8 31. Rd4 Nb6 32. Bxh6 Nc4 33. Qg5 Qxg5 34.
Bxg5 b4 35. axb4 axb4 36. Be7 Rfb8 37. Bd6 Rb5 38. Bxb4 Rxb4 39. Ng5 Kf8 40.
Nxe6+ fxe6 41. g3 Nb2 42. Rxb4 Nxd1 43. Kg2 Ra5 44. Re4 Nc3 45. Re3 Nd5 46. Re2
Kf7 47. Re4 Ne7 48. h4 g6 49. Kf3 Nc6 50. Kf4 Rb5 51. g4 Kg7 52. Re3 Rc5 53.
Re1 Nb4 54. Rd1 Nd5+ 55. Kg5 Nf6 56. Re1 Nd7 57. f4 Nf6 58. f5 Nd7 59. Kf4 Rc4+
60. Re4 Rc1 61. Kg5 Nc5 62. f6+ Kf7 63. Re2 Nd7 64. Ra2 Nxe5 1/2-1/2

[Event "Aeroflot Open 2012 A"]
[Site "Moscow"]
[Date "2012.02.10"]
[Round "4"]
[White "Khairullin, Ildar"]
[Black "Jumabayev, Rinat"]
[Result "1-0"]
[WhiteElo "2638"]
[BlackElo "2573"]
[PlyCount "93"]
[EventDate "2012.02.07"]
[EventRounds "9"]
[EventCountry "RUS"]

1. c4 c6 2. d4 d5 3. Nf3 Nf6 4. e3 Bf5 5. Nc3 e6 6. Nh4 Bg6 7. Nxg6 hxg6 8. Bd3
Nbd7 9. Bd2 Bd6 10. h3 a6 11. c5 Bc7 12. f4 Nh5 13. Qf3 f5 14. g4 Nhf6 15. Qg2
Qe7 16. b4 Ne4 17. g5 a5 18. b5 e5 19. fxe5 Ndxc5 20. dxc5 Bxe5 21. Bxe4 dxe4
22. bxc6 bxc6 23. Rc1 Rd8 24. Ne2 Rd3 25. Nf4 Bxf4 26. exf4 Rh4 27. Qe2 Rhxh3
28. Rxh3 Rxh3 29. Be3 Qb7 30. Kf1 Rh1+ 31. Kg2 Rxc1 32. Bxc1 Qb4 33. Be3 a4 34.
Qa6 Qb2+ 35. Kg3 Kd7 36. Qa7+ Kc8 37. Qxa4 Qe2 38. Qxc6+ Kb8 39. Qd6+ Kc8 40.
Qd4 Qf3+ 41. Kh2 Qe2+ 42. Bf2 Qh5+ 43. Kg2 Qf3+ 44. Kf1 Qxf4 45. Qe3 Qe5 46.
Qb3 f4 47. c6 1-0

[Event "Aeroflot Open 2012 A"]
[Site "Moscow"]
[Date "2012.02.10"]
[Round "4"]
[White "Grigoryan, Karen H"]
[Black "Yu, Yangyi"]
[Result "1/2-1/2"]
[WhiteElo "2482"]
[BlackElo "2631"]
[PlyCount "87"]
[EventDate "2012.02.07"]
[EventRounds "9"]
[EventCountry "RUS"]

1. d4 d5 2. c4 c6 3. Nf3 Nf6 4. Nc3 e6 5. e3 Nbd7 6. Qc2 Bd6 7. Bd3 dxc4 8.
Bxc4 b5 9. Bd3 Bb7 10. O-O O-O 11. Rd1 Qb8 12. e4 e5 13. g3 a6 14. dxe5 Nxe5
15. Nxe5 Bxe5 16. Be3 c5 17. f3 Qc7 18. Bf1 Rad8 19. a4 Bd4 20. Qf2 Bxe3 21.
Qxe3 b4 22. Ne2 a5 23. Nf4 Nd7 24. Rac1 Rfe8 25. Bb5 Bc6 26. Nd5 Qb7 27. Rxc5
Nxc5 28. Bxc6 Qxc6 29. Ne7+ Rxe7 30. Rxd8+ Re8 31. Rxe8+ Qxe8 32. Qxc5 Qd8 33.
Qd5 Qb6+ 34. Kg2 g6 35. e5 Qe3 36. Qxa5 Qd2+ 37. Kh3 Qxb2 38. Qd8+ Kg7 39. Qf6+
Kg8 40. a5 b3 41. a6 Qa1 42. Qd8+ Kg7 43. Qf6+ Kg8 44. Qd8+ 1/2-1/2

[Event "Aeroflot Open 2012 A"]
[Site "Moscow"]
[Date "2012.02.10"]
[Round "4"]
[White "Jankovic, Alojzije"]
[Black "Zhou, Jianchao"]
[Result "1/2-1/2"]
[WhiteElo "2568"]
[BlackElo "2619"]
[PlyCount "223"]
[EventDate "2012.02.07"]
[EventRounds "9"]
[EventCountry "RUS"]

1. d4 Nf6 2. c4 g6 3. Nc3 d5 4. Nf3 Bg7 5. cxd5 Nxd5 6. e4 Nxc3 7. bxc3 c5 8.
Be3 Qa5 9. Nd2 cxd4 10. Nc4 Qd8 11. cxd4 f5 12. Ne5 Bxe5 13. dxe5 Qxd1+ 14.
Rxd1 Kf7 15. exf5 gxf5 16. Be2 Nc6 17. g4 fxg4 18. h3 h5 19. hxg4 Bxg4 20. f3
Bf5 21. Rh4 Rac8 22. Bc4+ e6 23. Rd7+ Kg6 24. Rxb7 Na5 25. Rb4 Nxc4 26. Rbxc4
Rxc4 27. Rxc4 h4 28. Kf2 h3 29. Rc1 a6 30. a4 Rh4 31. a5 Ra4 32. Bb6 Ra2+ 33.
Kg3 Rg2+ 34. Kh4 Re2 35. Bd4 Rd2 36. Bb6 Rd5 37. Re1 Kf7 38. Kg3 Ke7 39. Kf4
Rd2 40. Rc1 Rg2 41. Rc7+ Kf8 42. Rc8+ Kg7 43. Rc1 h2 44. Rh1 Kg6 45. Bd8 Kh5
46. Be7 Bc2 47. Bd8 Bb3 48. Be7 Bd5 49. Ke3 Rb2 50. Bd8 Ba8 51. Be7 Bd5 52. Bd8
Kg6 53. Be7 Kf5 54. Bd8 Rc2 55. Bf6 Rb2 56. Bd8 Ra2 57. Bf6 Ra3+ 58. Kd4 Ra4+
59. Ke3 Rxa5 60. Rxh2 Ra3+ 61. Kd4 Rxf3 62. Be7 Rf4+ 63. Ke3 Rf3+ 64. Kd4 a5
65. Re2 Kf4 66. Rc2 a4 67. Rc3 Rf1 68. Bd6 Rd1+ 69. Rd3 Rc1 70. Rc3 Rb1 71. Re3
Rb6 72. Rd3 Rb5 73. Rd1 Ra5 74. Ra1 Bb3 75. Rf1+ Kg4 76. Kc3 Rb5 77. Rf7 Bd5
78. Ra7 Rb3+ 79. Kd2 Bc6 80. Rf7 Bb7 81. Kc2 Ba6 82. Ra7 Bb5 83. Rf7 Bc6 84.
Kc1 Bb7 85. Kc2 Be4+ 86. Kc1 Bd3 87. Ra7 Bb5 88. Rf7 Bc6 89. Kd2 Kg3 90. Kc1
Bb7 91. Kc2 Bf3 92. Ra7 Be4+ 93. Kc1 Bc6 94. Rf7 Kg2 95. Kd2 Rg3 96. Kc1 Bd5
97. Ra7 Bb3 98. Rf7 Bc4 99. Ra7 Bb5 100. Rf7 Rb3 101. Kc2 Bd3+ 102. Kd2 Ba6
103. Kc2 Bb7 104. Kc1 Kg3 105. Kc2 Kg4 106. Kc1 a3 107. Bxa3 Rxa3 108. Rxb7 Rd3
109. Rf7 Rd5 110. Kc2 Rxe5 111. Kd3 Kg5 112. Rf8 1/2-1/2

[Event "Aeroflot Open 2012 A"]
[Site "Moscow"]
[Date "2012.02.10"]
[Round "4"]
[White "Salgado Lopez, Ivan"]
[Black "Ghaem Maghami, Ehsan"]
[Result "1-0"]
[WhiteElo "2618"]
[BlackElo "2570"]
[PlyCount "77"]
[EventDate "2012.02.07"]
[EventRounds "9"]
[EventCountry "RUS"]

1. e4 c5 2. Nf3 d6 3. d4 cxd4 4. Nxd4 Nf6 5. Nc3 a6 6. Be2 e6 7. O-O Qc7 8. a4
b6 9. f4 Bb7 10. Bf3 Nbd7 11. f5 e5 12. Nb3 Be7 13. Be3 Rc8 14. Re1 h6 15. Qd2
O-O 16. Rad1 Rfe8 17. Bf2 Qc4 18. Nc1 d5 19. Be2 Qb4 20. Nd3 Qa5 21. exd5 Bf8
22. Bf3 Rxc3 23. Qxc3 Qxc3 24. bxc3 e4 25. c4 exf3 26. Rxe8 Nxe8 27. a5 Nd6 28.
Nb2 Ne5 29. Bg3 Nexc4 30. Nxc4 Nxc4 31. d6 Bxd6 32. Bxd6 Nxa5 33. g4 Nc4 34.
Bf4 Kf8 35. Kf2 Ke7 36. Bc7 f6 37. Bxb6 Nxb6 38. Rb1 Be4 39. Re1 1-0

[Event "Aeroflot Open 2012 A"]
[Site "Moscow"]
[Date "2012.02.10"]
[Round "4"]
[White "Solak, Dragan"]
[Black "Ju, Wenjun"]
[Result "1/2-1/2"]
[WhiteElo "2613"]
[BlackElo "2552"]
[PlyCount "59"]
[EventDate "2012.02.07"]
[EventRounds "9"]
[EventCountry "RUS"]

1. e4 c5 2. Nf3 d6 3. d4 cxd4 4. Nxd4 Nf6 5. Nc3 a6 6. Bg5 e6 7. f4 Be7 8. Qf3
Qc7 9. O-O-O Nbd7 10. g4 b5 11. Bxf6 Nxf6 12. g5 Nd7 13. f5 O-O 14. f6 gxf6 15.
gxf6 Nxf6 16. e5 dxe5 17. Nc6 Bb7 18. Qg3+ Kh8 19. Nxe5 Bd6 20. Rxd6 Bxh1 21.
Rd1 Rac8 22. Bd3 Bb7 23. Qg5 Ng8 24. Bxh7 Qe7 25. Qh5 Nf6 26. Qh4 Ng8 27. Qh5
Nf6 28. Qh4 Ng8 29. Qh5 Nf6 30. Qh4 1/2-1/2

[Event "Aeroflot Open 2012 A"]
[Site "Moscow"]
[Date "2012.02.10"]
[Round "4"]
[White "Bocharov, Dmitry"]
[Black "Yilmaz, Mustafa"]
[Result "1/2-1/2"]
[WhiteElo "2611"]
[BlackElo "2521"]
[PlyCount "68"]
[EventDate "2012.02.07"]
[EventRounds "9"]
[EventCountry "RUS"]

1. d4 d5 2. c4 c6 3. Nc3 Nf6 4. e3 a6 5. Nf3 Bf5 6. Be2 h6 7. cxd5 cxd5 8. Ne5
e6 9. Bh5 Nxh5 10. Qxh5 Qf6 11. Na4 Nc6 12. Nxc6 bxc6 13. Bd2 Bd3 14. Rc1 Bb5
15. Nc5 Bxc5 16. Rxc5 a5 17. f3 O-O 18. Kf2 Rfe8 19. Bc3 Qe7 20. a3 a4 21. Re1
Qg5 22. Qxg5 hxg5 23. e4 f6 24. e5 Kf7 25. Bd2 Rh8 26. h3 Rab8 27. Rcc1 Rh4 28.
Bc3 Rc8 29. Rcd1 c5 30. Rd2 cxd4 31. Bxd4 Bc4 32. Bc3 Bb5 33. Bd4 Bc4 34. Bc3
Bb5 1/2-1/2

[Event "Aeroflot Open 2012 A"]
[Site "Moscow"]
[Date "2012.02.10"]
[Round "4"]
[White "Popov, Ivan"]
[Black "Venkatesh, M.R.."]
[Result "1-0"]
[WhiteElo "2599"]
[BlackElo "2499"]
[PlyCount "61"]
[EventDate "2012.02.07"]
[EventRounds "9"]
[EventCountry "RUS"]

1. e4 c5 2. Nf3 Nc6 3. d4 cxd4 4. Nxd4 Nf6 5. Nc3 e5 6. Ndb5 d6 7. Bg5 a6 8.
Na3 b5 9. Bxf6 gxf6 10. Nd5 f5 11. c3 Bg7 12. exf5 Bxf5 13. Nc2 Be6 14. Be2 O-O
15. O-O Rb8 16. Ncb4 Nxb4 17. Nxb4 Qb6 18. Bf3 Rfc8 19. Be4 a5 20. Nd5 Qd8 21.
Qd3 Rc5 22. f4 f5 23. Bxf5 Bxd5 24. Bxh7+ Kh8 25. Qh3 Bf6 26. fxe5 Bh4 27. Bd3
Bxg2 28. Rf8+ Kg7 29. Qxg2+ Kxf8 30. Rf1+ Ke8 31. Qg6+ 1-0